00685nam a2200217Ia 4500003000900000008004100009020001800050040001600068080002500084100002100109245008300130260003500213300001400248650002200262650001900284650001900303700002200322942000700344999001500351952010100366IN-BaIIA211028s9999 xx 000 0 eng d a0-12-014654-1 cIIA Library a047.1:621.38bAEE-54 aMarton, L910785 0aAdvances in Electronics and Electron Physicsbvol. 54cL. Marton and C. Marton aNew YorkbAcademic Pressc1980 axi, 318p. aElectronics91576 aElectrophysics aNASA Thesaurus aMarton, C.910786 cBK c8723d8723 00104070aBANbKAVcGENd1986-06-11l0o047.1:621.38/ AEE-54p9598r2021-11-05w1986-06-11yBK